Statystyki dla Euro 2016 - grupy

Kliknij tutaj aby rozwiązać quiz!

Ogólne statystyki

  • Ten quiz został rozwiązany 29 razy
  • Średni wynik to 9 z 24

Statystyki odpowiedzi

GrupaReprezentacja% Poprawnych
1Francja
100%
4Rumunia
50%
3Albania
45%
2Anglia
40%
1Chorwacja
40%
2Polska
40%
2Szwajcaria
40%
1Walia
40%
4Austria
35%
2Hiszpania
35%
3Irlandia
35%
3Irlandia Północna
35%
2Islandia
35%
1Niemcy
35%
3Portugalia
35%
4Rosja
35%
4Ukraina
35%
1Węgry
35%
1Włochy
35%
2Belgia
30%
3Słowacja
30%
4Szwecja
30%
3Turcja
30%
4Czechy
25%

Rozkład punktacji

Percentyl według liczby udzielonych odpowiedzi

Procent ludzi z każdym wynikiem

Twoja historia wyników

Nie rozwiązałeś tego quizu